000 00555nam a2200217Ia 4500
003 GCL
008 140319s9999 xx 000 0 eng d
040 _aGCL /
_cGCL
082 0 4 _a892.734
_bH M
100 1 _aHIRTENSTEIN, S.
245 1 0 _aMUHYIDDIN IBN ARABI: A COMMEMORATUIE VOLUME /
_cHIRTENSTEIN, S.
700 1 _aTIERNAN, M.
260 _a[S.N] :
_bELEMENT ،
_c1993
300 _a379 P
650 0 4 _aLITERATURE
650 0 4 _aPOETRY
650 0 4 _aARABIC POETRY
650 0 4 _aMUHYIDIN IBN ARABI
650 0 4 _aABASI PERIOD
942 _2ddc
_cBK
999 _c24299
_d24299